Jorge o El hijo del pueblo : (Registro nro. 254)

Detalles MARC
000 -Cabecera
Campo de control interno 00580nam a2200205Ia 4500
005 - Fecha y hora del registro
control field 20251205092024.0
008 - Elementos de Longitud Fija
fixed length control field 251203t1997||||xx |||||||||||||| ||spa||
041 ## - Idioma
Codigo Idioma ESP
082 ## - DEWEY y NOTACIÓN INTERNA
Dewey 869.5
Notación Interna N55 T. 1
100 ## - AUTOR
Autor denominación Nieves y Bustamante, María,
Títulos y otras palabras asociadas con el nombre AUT
245 #0 - TÍTULO DE MATERIAL BIBLIOGRÁFICO
Título Jorge o El hijo del pueblo :
Título paralelo Tomo 1
260 ## - CIUDAD, EDITORIAL, AÑO
Ciudad Arequipa :
Nombre de la Editorial Universidad Nacional de San Agustín,
Año 1997
300 ## - DESCRIPCIÓN
N° Páginas 371 páginas :
Otros detalles
Dimensiones 21 cm.
440 ## - MENCIÓN DE SERIE
Título de la Serie (Unsalibros El Pueblo ; número 2)
650 ## - TEMAS
Temas Literatura
653 ## - DESCRIPTORES
Lenguajes no controlado Literatura peruana
654 ## - PROGRAMAS
Programa Todos los programas
942 ## - ELEMENTOS DE KOHA
Tipo de documento Libro
Nombre del creador Justo Noguera
Código de catalogador Margarita Torres
Esquema de clasificación Dewey Decimal Classification
Existencias
Codigo completo Registro Colección Copia número Disponibilidad Tipo de préstamo Biblioteca Actual Procedencia (Biblioteca) Ubicacón Fecha Ingreso Tipo de Adquisición Date last seen Total checkouts Price effective from Tipo de Item Estado del Material Fuente de Clasificación Damaged status Withdrawn status
869.5 N55 T. 1 1085127 Colección Vera Bejar 1   Restringido Víctor Andrés Belaunde Víctor Andrés Belaunde Planta baja cerrada 03/12/2025 Donación 03/12/2025   03/12/2025 Libro Bueno Dewey Decimal Classification   Withdrawn